000 00427nam a22001697a 4500
003 MPLRDC
005 20220104165820.0
008 210129b ||||| |||| 00| 0 eng d
020 _a0-19-580715-4
082 _a859.6 SHEa
100 _aMUBIN SHEPPARD
245 _aTHE ADVENTURES OF HANG TUAH
_c
260 _a
_bOXFORD UNIVERSITY PRESS
_c1981
300 _b
650 _aCHILDREN LITERATURE
942 _cBK
_o859.6 SHEa
999 _c57611
_d57601